New glasses / adapted by Reika Chan.
Available copies
- 2 of 3 copies available at LARL/NWRL Consortium.
- 1 of 1 copy available at Lake Agassiz Regional Library. (Show preferred library)
Current holds
0 current holds with 3 total copies.
Show Only Available Copies
| Location | Call Number / Copy Notes | Barcode | Shelving Location | Status | Due Date |
|---|---|---|---|---|---|
| Moorhead Public Library | EASY READER E C (Text) | 33500013660147 | Main | Available | - |
| Roseau Public Library | e CHA (Text) | 35500006640013 | Main | Available | - |
| Warroad Public Library | e CHA (Text) | 35500006604480 | Main | Checked out | 05/21/2026 |
Record details
- ISBN: 9781338819250
- ISBN: 1338819259
- ISBN: 9781518263231
- ISBN: 1518263232
- ISBN: 9781685056728
- Physical Description: 1 volume (unpaged) : color illustrations ; 23 cm + ... Read More
- Publisher: New York, NY : Scholastic Inc., [2022]
Content descriptions
| General Note: | At head of title: Peppa Pig. "Peppa Pig created by Mark Baker and Neville Astley"--Title page verso. "Includes stickers!"--Cover. |
| Summary, etc.: | Based on the hit Nick Jr. TV show, this Level 1 ... Read More |
Search for related items by subject
| Subject: | Peppa Pig (Fictitious character) > Juvenile fiction. Swine > Juvenile fiction. Eyeglasses > Juvenile fiction. |
| Genre: | Picture books. |
Search for related items by series
| LDR | 01565cam a2200409 i 4500 | ||
|---|---|---|---|
| 001 | 396734 | ||
| 003 | LARL_NWRL_CONSORTIUM | ||
| 005 | 20230120150215.0 | ||
| 008 | 220711s2022 nyua a 000 1 eng d | ||
| 020 | . | ‡a9781338819250 ‡qpbk | |
| 020 | . | ‡a1338819259 ‡qpbk | |
| 020 | . | ‡a9781518263231 ‡qFollett bdg | |
| 020 | . | ‡a1518263232 ‡qFollett bdg | |
| 020 | . | ‡a9781685056728 | |
| 035 | . | ‡a(OCoLC)1334997601 | |
| 040 | . | ‡aFMG ‡beng ‡erda ‡cFMG ‡dHBP ‡dBKL ‡dGZD | |
| 082 | 0 | 4. | ‡a[E] ‡223/eng/20220708 |
| 100 | 1 | . | ‡aChan, Reika, ‡eauthor. |
| 245 | 1 | 0. | ‡aNew glasses / ‡cadapted by Reika Chan. |
| 264 | 1. | ‡aNew York, NY : ‡bScholastic Inc., ‡c[2022] | |
| 300 | . | ‡a1 volume (unpaged) : ‡bcolor illustrations ; ‡c23 cm + ‡e1 sheet of stickers. | |
| 336 | . | ‡atext ‡2rdacontent | |
| 336 | . | ‡astill image ‡2rdacontent | |
| 337 | . | ‡aunmediated ‡2rdamedia | |
| 338 | . | ‡avolume ‡2rdacarrier | |
| 338 | . | ‡asheet ‡2rdacarrier | |
| 490 | 0 | . | ‡aPeppa Pig |
| 490 | 0 | . | ‡aScholastic reader. Level 1 |
| 500 | . | ‡aAt head of title: Peppa Pig. | |
| 500 | . | ‡a"Peppa Pig created by Mark Baker and Neville Astley"--Title page verso. | |
| 500 | . | ‡a"Includes stickers!"--Cover. | |
| 520 | . | ‡aBased on the hit Nick Jr. TV show, this Level 1 reader, which comes with a sheet of stickers, follows Peppa as she goes to the eye doctor and takes an eye test. | |
| 600 | 0 | 0. | ‡aPeppa Pig ‡c(Fictitious character) ‡vJuvenile fiction. |
| 650 | 0. | ‡aSwine ‡vJuvenile fiction. ‡0(LARL_NWRL_CONSORTIUM)175370 | |
| 650 | 0. | ‡aEyeglasses ‡vJuvenile fiction. | |
| 655 | 7. | ‡aPicture books. ‡2lcgft | |
| 730 | 0 | . | ‡iAdaptation of (expression): ‡aPeppa Pig (Television program) |
| 901 | . | ‡a396734 ‡b ‡c396734 ‡tbiblio | |

Add to basket
Permalink
Disable Highlighting